| 000 | 00774nam a2200205 a 4500 | ||
|---|---|---|---|
| 001 | 000006821 | ||
| 005 | 20200929154012.0 | ||
| 008 | 090903s1986 dr ad 001 0 spa d | ||
| 040 |
_aDO-SdBNP _bspa _cBNPHU |
||
| 082 |
_axxxx _bC965c |
||
| 100 | 1 |
_aCuevas, Carlos E. _918963 |
|
| 245 | 1 | 0 |
_aCostos de operación y economías de escala en el Banco Agrícola de la República Dominicana / _cCarlos E. Cuevas, Jeffrey Poyo. |
| 260 |
_aSanto Domingo : _bCentro de Estudios Monetarios y Bancarios, _c1986. |
||
| 300 |
_a49 p. : _bil., gráf. ; _c21 cm. |
||
| 490 | 1 | _aEstudios | |
| 500 | _aIncluye datos biográficos de lo autores en la solapa y la contracubierta | ||
| 500 | _aIncluye notas al pie de las páginas | ||
| 700 | 1 |
_aPoyo, Jeffrey _918287 |
|
| 830 | 0 |
_aEstudios _93854 |
|
| 999 |
_c6609 _d6609 |
||